000 00630nam a2200241 a 4500
001 nice12345678
003 IN_TiNIC
005 20260116012837.0
008 050524s1987 gena grp 000 0 eng
020 _a2825424
_c100
082 0 0 _a261.2
_bTHO
100 _aThomas, M M
245 _aRisking Christ for Chris`s Sake(towards an Ecumenical Theology of Pluralism
260 _aGeneva
_bWCC
_c1987
300 _a120p
500 _aincludes index and biblioraphy
505 2 _aIndex
650 _aChristianity and Other Religions
700 1 _aThomas, M M
902 _bSRS
942 _cBK
999 _c8608
_d8608